<?xml version="1.0" encoding="UTF-8"?>
<record
    xmlns:xsi="http://www.w3.org/2001/XMLSchema-instance"
    xsi:schemaLocation="http://www.loc.gov/MARC21/slim http://www.loc.gov/standards/marcxml/schema/MARC21slim.xsd"
    xmlns="http://www.loc.gov/MARC21/slim">

  <leader>00329nam a22001217a 4500</leader>
  <datafield tag="082" ind1=" " ind2=" ">
    <subfield code="a">327.47</subfield>
    <subfield code="b">BIL</subfield>
  </datafield>
  <datafield tag="100" ind1=" " ind2=" ">
    <subfield code="a">Bilainkin, George</subfield>
  </datafield>
  <datafield tag="245" ind1=" " ind2=" ">
    <subfield code="a">Maisky:</subfield>
    <subfield code="b">Ten Years Ambassador /</subfield>
    <subfield code="c">George Bilainkin</subfield>
  </datafield>
  <datafield tag="260" ind1=" " ind2=" ">
    <subfield code="a">London :</subfield>
    <subfield code="b">George Allen &amp; Unwin Ltd,</subfield>
    <subfield code="c">1944.</subfield>
  </datafield>
  <datafield tag="300" ind1=" " ind2=" ">
    <subfield code="a">400 p. ;</subfield>
    <subfield code="c">22 cm.</subfield>
  </datafield>
  <datafield tag="563" ind1=" " ind2=" ">
    <subfield code="a">HB.</subfield>
  </datafield>
  <datafield tag="942" ind1=" " ind2=" ">
    <subfield code="2">ddc</subfield>
    <subfield code="c">BK</subfield>
  </datafield>
  <datafield tag="999" ind1=" " ind2=" ">
    <subfield code="c">616242</subfield>
    <subfield code="d">616242</subfield>
  </datafield>
  <datafield tag="952" ind1=" " ind2=" ">
    <subfield code="0">0</subfield>
    <subfield code="1">0</subfield>
    <subfield code="2">ddc</subfield>
    <subfield code="4">0</subfield>
    <subfield code="6">327_470000000000000_BIL</subfield>
    <subfield code="7">0</subfield>
    <subfield code="9">645077</subfield>
    <subfield code="a">NLS</subfield>
    <subfield code="b">NLS</subfield>
    <subfield code="d">2026-02-17</subfield>
    <subfield code="e">Donated by Mr. Salahuddin Khan Advocate Supreme Court of Pakistan</subfield>
    <subfield code="l">0</subfield>
    <subfield code="o">327.47 BIL</subfield>
    <subfield code="p">NLSD-578</subfield>
    <subfield code="r">2026-02-17</subfield>
    <subfield code="w">2026-02-17</subfield>
    <subfield code="y">BK</subfield>
  </datafield>
</record>
